| 000 | 00892nam a22002417a 4500 | ||
|---|---|---|---|
| 005 | 20240530110454.0 | ||
| 008 | 150531s2010 ua ad g b 000 0 ara d | ||
| 017 |
_a20993 _bمصر . دار الكتب المصرية |
||
| 020 | _a9789773771101 | ||
| 040 | _aEG-CaGPL | ||
| 082 | 0 | 4 |
_221 _a658.86\ _bد ق |
| 100 | 1 | _aدينت ، جوليان | |
| 245 | 1 | 0 |
_aقنوات التوزيع : _bفهمها و ادارتها فى السوق / _cتاليف جوليا دينت ؛ ترجمة عائشة حمدى . |
| 250 | _aط1. | ||
| 260 |
_aالقاهرة : _bمجموعة النيل العربية ، _c2010 . |
||
| 300 |
_a439 ص ؛ _c24 سم . |
||
| 650 | 0 | 4 | _aالبيع بالجملة . |
| 650 | 0 | 4 | _aالارباح والفوائد . |
| 650 | 0 | 4 | _aالموزعون . |
| 700 | 0 |
_aعائشة حمدى _eمترجم . |
|
| 942 |
_2ddc _cBK |
||
| 999 |
_c61333 _d61333 |
||